| 000 | 00671nam a22001937a 4500 | ||
|---|---|---|---|
| 005 | 20100811145439.0 | ||
| 010 | _aENG-99649 | ||
| 020 |
_a9789380173993 _c60.00 |
||
| 035 | _aEN-83181 | ||
| 037 | _bDBAD/PUB | ||
| 082 | _a883 | ||
| 245 |
_aView of child characters in tagore' /s short stories _cedted by S. Rajeswari |
||
| 260 |
_aKoradacherry _bAruma Publication _c2009 |
||
| 270 |
_aReg. No.: 48/2008 35, Gandhi Colony, _bKoradacherry _e613703 |
||
| 300 |
_a96p. _c20cm (pbk) |
||
| 700 |
_aRajeswari, S. _911139 |
||
| 942 |
_2ddc _cEN _h883 _mVIE |
||
| 999 |
_c41068 _d41068 |
||